Dream SMP Members - Statistics

General Stats
  • This quiz has been taken 1,415 times
  • The average score is 21 of 24
Answer Stats
Description SMP Member % Correct
Server Owner Dream
100%
Server Owner’s British Friend GeorgeNotFound
99%
Vice President’s Friend (has multiple alter-egos) Tubbo
98%
Furry ItsFundy
97%
Server Owner’s Texas Friend Sapnap
97%
L’Manburg Vice President TommyInnit
97%
Does Not Approve of Foul Language, Enjoys Muffins BadBoyHalo
96%
President of Ex-Nation L’Manburg Wilbur Soot
96%
Minecraft Skin Resembles a Diamond Block, friends with previous answer Skeppy
95%
An Anarchist Pig, Killed Everyone at Manburg Festival Technoblade
95%
Of Mexican Origin, Tends to Pray in Spanish when in Fear Quackity
94%
Traitor to L’Manburg TheEret
93%
Sweet and Wholesome, Of German Descent Niki Nihachu
91%
Took Presidency and Renamed L’Manburg, Resembles a Goat JSchlatt
90%
Generally Known for Bedwars Plays, Username Relates to Violet Purpled
88%
A Humorous SMP Member, Replaces a Curse Word with “Honk” Karl Jacobs
87%
A Member of the LGBTQ Community, Newest Hunter in Dream’s Manhunt Videos Antfrost
84%
Voice-Less Server Operator Callahan
84%
Known For Lemon City Ponk
81%
Joined the Server on Election Day, Dressed up as a Maid for the Furry, Made a little kid yell “Bomb” in an Airport HBomb94
80%
Redstone Pro, Kind to Everyone awesamdude
76%
Is Stolen From a Lot, Owned the First Panda on the SMP Punz
76%
Rumoured to be dating above answer ItsAlyssa
73%
Ex-Member of L’Manburg, Minecraft Skin includes 3-D Glasses Thunder1408
52%
No matching quizzes found
Score Distribution
Percent of People with Each Score
Percentile by Number Answered
Your Score History
You have not taken this quiz